Navigating regional dynamics in the post-cold war world : patterns of relations in the Mediterranean area
Αποθηκεύτηκε σε:
| Κύριος συγγραφέας: | |
|---|---|
| Μορφή: | Βιβλίο |
| Γλώσσα: | English |
| Δημοσίευση: |
Aldershot :
Ashgate,
c1997
|
| Θέματα: | |
| Ετικέτες: |
Προσθήκη ετικέτας
Δεν υπάρχουν, Καταχωρήστε ετικέτα πρώτοι!
|
MARC
| LEADER | 00000nam a2200000 i 4500 | ||
|---|---|---|---|
| 001 | 1/99100 | ||
| 008 | 000127s1997 eng d | ||
| 020 | |a 1-85521-850-X | ||
| 035 | |l 10056754 | ||
| 040 | |a GR-MY-UA |b gre |e aacr | ||
| 041 | 0 | |a eng | |
| 082 | 0 | |a 909.09822 | |
| 100 | 1 | |a Calleya, Stephen C. | |
| 245 | 1 | 0 | |a Navigating regional dynamics in the post-cold war world : |b patterns of relations in the Mediterranean area / |c Stephen C. Calleya |
| 260 | |a Aldershot : |b Ashgate, |c c1997 | ||
| 300 | |a 268 p. | ||
| 504 | |a Includes bibliographical references | ||
| 650 | 0 | 0 | |a World politics |y 1989- |
| 650 | 0 | 0 | |a Regionalism |z Mediterranean Region. |
| 651 | 0 | |a Mediterranean Region |x Foreign relations |y 1945- | |
| 852 | |a INST |b LESVOS |e 20000127 |h 909.09822 CAL |p 005100021960 |q 005100021960 |t BK |y 0 | ||
| 901 | |a BIBL1-2000-1 | ||
| 909 | |a Λ |b 071134 | ||
| 922 | |a 1ΕΛΗ |b 199912 |c ΚΠΣ/ΤΓ |d LEADER | ||
| 950 | |a 118-1998-10-19 | ||
| 970 | |a ΤΖΑΦΕΡΗ |b ΕΥΑΓΓΕΛΙΑ |z 2000/02/01 | ||